| 000 | 00692nam a22001697a 4500 | ||
|---|---|---|---|
| 999 |
_c15061 _d15061 |
||
| 003 | OSt | ||
| 082 | _2631.3 JAY/DE | ||
| 088 | _aP 122 | ||
| 100 |
_aJAYAPRAKASH BABU K _92460 |
||
| 245 | _aDevelopment of a self propelled pre- germinated direct paddy seeder | ||
| 260 |
_aTavanur 2001 _bKelappaji College of Agricultural Engineering and Technology |
||
| 300 | _a77 | ||
| 500 | _aDevelopment of a self propelled pre- germinated direct paddy seeder | ||
| 520 | _athe project was undertaken with the objective to study the metering characteristics of drums for pre-germinated paddy seeder with fixed ground wheel on seed drum shaft. | ||
| 700 |
_aEr. Manoj Mathew (Gudie) _92461 |
||
| 942 | _cPR | ||